Statistics for Landlocked Countries that Start with Letter M

Click here to take the quiz!

General Stats

  • This quiz has been taken 52 times
  • The average score is 4 of 5

Answer Stats

Country% Correct
Mali
92%
Mongolia
88%
Macedonia
85%
Malawi
85%
Moldova
79%

Score Distribution

Percentile by Number Answered

Percent of People with Each Score

Your Score History

You have not taken this quiz